Evidencias para políticas públicas en educación: selección de investigaciones concurso extraordinario FONIDE-PISA
Guardat en:
| Autor corporatiu: | , |
|---|---|
| Format: | Llibre |
| Idioma: | espanyol |
| Publicat: |
Santiago
FONIDE
2012
|
| Matèries: | |
| Etiquetes: |
Afegir etiqueta
Sense etiquetes, Sigues el primer a etiquetar aquest registre!
|
MARC
| LEADER | 00000cam a2200000 a 4500 | ||
|---|---|---|---|
| 001 | UCF5604 | ||
| 003 | CL-VaPUC | ||
| 008 | 130318e20120000CL |||||||||||||||||spa|d | ||
| 020 | |a 9789562923613 | ||
| 082 | 0 | 4 | |a 379.83 |b FON |2 21 |
| 110 | 2 | |a FONIDE |e author |9 567563 | |
| 710 | 2 | |a MINEDUC |e author |9 567564 | |
| 245 | 1 | 0 | |a Evidencias para políticas públicas en educación: selección de investigaciones concurso extraordinario FONIDE-PISA |
| 300 | |a 379 p | ||
| 942 | |c BK | ||
| 945 | |d 20130318 00:00:00 |a dcastane | ||
| 260 | |a Santiago |b FONIDE |c 2012 | ||
| 650 | 0 | |a Políticas públicas |9 309677 | |
| 650 | 0 | |a Educación |9 258661 | |
| 650 | 0 | |a Calidad de la educación |9 307271 | |
| 583 | |a last modification |c 20130318 11:20:00 |k Rodrigo Vera | ||
| 999 | |c 351096 |d 351094 | ||
| 952 | |0 0 |1 0 |4 0 |6 379_830000000000000_FON_2012 |7 0 |8 A |9 454983 |a BIBEDU |b BIBEDU |d 2019-11-22 |i 4949668 |o 379.83 FON 2012 |p 4949668 |r 2019-11-22 |w 2019-11-22 |y BK |k BME | ||